000 00391nam a2200133Ia 4500
008 151021s9999 xx 000 0 und d
020 _a9.7899662587e+012
050 _aPS 3570 2012
245 _a_Ties that bind & other stories East African Educational
260 _aNairobi East African Educational 2012
300 _a234p.
650 _a_Novel
980 _a^d20131205 03:23:50^okorir
999 _c14294
_d14294